Statistiken für Stadtteile Langenfeld

Klicken Sie hier um das Quiz zu spielen!

Allgemein

  • Dieses Quiz wurde 18 mal gespielt
  • Das Durchschnittsergebnis liegt bei 4 aus 8

Antwortstatistiken

StadtteileAntwort% Korrekt
RRichrath
100%
RReusrath
80%
WWiescheid
80%
IImmigrath
70%
BBerghausen
60%
GGalkhausen
30%
GGieselnberg
0%
SStevenshoven
0%

Verteilung der Resultate

Perzentil nach korrekt beantworteten Fragen

Anzahl Personen mit jedem Resultat

Ihre Resultats-Entwicklung

Sie haben dieses Quiz noch nicht gespielt